Heroidas

Guardat en:
Dades bibliogràfiques
Autor principal: Ovidio Nasón, Publio (autor)
Format: Llibre
Idioma:espanyol
Publicat: Ciudad de México UNAM 1950
Col·lecció:Bibliotheca Scriptorum Graecorum et Romanorum Mexicana
Matèries:
Etiquetes: Afegir etiqueta
Sense etiquetes, Sigues el primer a etiquetar aquest registre!

MARC

LEADER 00000nam a2200000 a 4500
001 UCT2732
003 CL-VaPUC
008 961011e19500000MX |||||||||||||||||spa|d
082 0 4 |a 871  |b OVI  |2 21 
100 |a Ovidio Nasón, Publio  |e autor  |9 371738 
245 1 0 |a Heroidas 
300 |a 211 p 
942 |c BK 
945 |d 19961011 00:00:00  |a rbrito 
260 |a Ciudad de México  |b UNAM  |c 1950 
650 7 |a POESIAS LATINAS  |2 CL-VaPUC  |9 371739 
583 |a last modification  |c 19961011 00:00:00  |k Rodrigo Vera 
490 0 |a Bibliotheca Scriptorum Graecorum et Romanorum Mexicana 
999 |c 252709  |d 252707 
952 |0 0  |1 0  |4 0  |6 871_000000000000000_OVI_1950  |7 0  |8 A  |9 272754  |a BIBEDU  |b BIBEDU  |d 2019-11-19  |i 3239705  |o 871 OVI 1950  |p 3239705  |r 2019-11-19  |w 2019-11-19  |y BK  |k LIT